Communication skills (Record no. 17299)

MARC details
000 -LEADER
fixed length control field 00599nam a22001817a 4500
008 - FIXED-LENGTH DATA ELEMENTS--GENERAL INFORMATION
fixed length control field 181018b xxu||||| |||| 00| 0 eng d
020 ## - INTERNATIONAL STANDARD BOOK NUMBER
International Standard Book Number 9966718836
040 ## - CATALOGING SOURCE
Original cataloging agency KABU
Transcribing agency KABU
050 ## - LIBRARY OF CONGRESS CALL NUMBER
Classification number P91.3
Item number .M35 2014 c. 1
100 ## - MAIN ENTRY--PERSONAL NAME
Personal name Maina, Samual Mwituria
245 ## - TITLE STATEMENT
Title Communication skills
Remainder of title edition for university and college students
Statement of responsibility, etc. Samuel Mwituria Maina
260 ## - PUBLICATION, DISTRIBUTION, ETC. (IMPRINT)
Place of publication, distribution, etc. Nairobi, Kenya
Name of publisher, distributor, etc. The Mwituria Publishers
Date of publication, distribution, etc. 2014
300 ## - PHYSICAL DESCRIPTION
Extent xx, 277 p.
650 ## - SUBJECT ADDED ENTRY--TOPICAL TERM
Topical term or geographic name as entry element Communication
Form subdivision Study and teaching (Higher)
700 ## - ADDED ENTRY--PERSONAL NAME
Personal name Nderitu, Monica (ed.)
700 ## - ADDED ENTRY--PERSONAL NAME
Personal name Zangi, Benson
942 ## - ADDED ENTRY ELEMENTS (KOHA)
Source of classification or shelving scheme Library of Congress Classification
Koha item type General Collection
Classification part P91.3
Holdings
Withdrawn status Lost status Source of classification or shelving scheme Not for loan Home library Current library Shelving location Date acquired Cost, normal purchase price Total Checkouts Total Renewals Full call number Barcode Date last seen Date last checked out Copy number Price effective from Koha item type
    Library of Congress Classification   Kabarak, Main Campus Kabarak, Main Campus General Stacks 18/10/2018 1160.00 25 1 P91.3 .M35 2014 c. 1 024538 05/08/2025 04/08/2025 c. 1 18/10/2018 General Collection
    Library of Congress Classification   Kabarak, Main Campus Kabarak, Main Campus General Stacks 23/02/2019 1740.00 4   P91.3 .M35 2014 c. 2 024008 08/10/2019 08/10/2019 c. 2 23/02/2019 General Collection
    Library of Congress Classification   Kabarak, Main Campus Kabarak, Main Campus General Stacks 23/02/2019 1740.00 5   P91.3 .M35 2014 c. 3 024010 14/10/2025 30/09/2025 c. 3 23/02/2019 General Collection
    Library of Congress Classification   Kabarak, Main Campus Kabarak, Main Campus General Stacks 23/02/2019 1740.00 12   P91.3 .M35 2014 c. 4 024011 24/03/2023 03/03/2023 c. 4 23/02/2019 General Collection
Designed with assistance from East African Informatics Ltd